000 01080nam a2200253Ia 4500
999 _c40512
_d40512
001 7123
003 GE_BSU
005 20230919121503.0
008 181216s2011||||ge |||||||||||||| ||geo||
020 _a9789941193149
040 _cGE_BSU
041 _ageo
080 _a821.353.1+821.353.1-2 ი-72
100 _aიოსელიანი, ოტია
_919839
245 _aსანამ ურემი გადაბრუნდება :
_bტ. 5 /
_cოტია იოსელიანი ; სარედ. ჯგუფი : ზურაბ აბაშიძე ; მანანა ჯანელიძე ; ირმა ხარშილაძე.
260 _a.
264 _aთბილისი :
_bპალიტრა L,
_c2011.
300 _a352 გვ. :
_bფოტო გარეკანზე ;
_c20 სმ.
490 _aჩემი რჩეული
_vტ 22,
_x ISSN 2233-3037
541 _h8ლ.
653 _aპიესები
653 _aსანამ ურემი გადაბრუნდება
942 _cBK
_2udc